Kraje Azji - Statystyki

Ogólne statystyki
  • Ten quiz został rozwiązany 611 razy
  • Średni wynik to 28 z 48
Statystyki odpowiedzi
% Poprawnych
Chiny
93%
Japonia
88%
Korea Północna
84%
Korea Południowa
84%
Indie
78%
Kazachstan
74%
Indonezja
73%
Iran
72%
Arabia Saudyjska
71%
Irak
70%
Turcja
69%
Mongolia
69%
Tajlandia
68%
Izrael
65%
Pakistan
65%
Afganistan
64%
Oman
63%
Wietnam
63%
Zjednoczone Emiraty Arabskie
63%
Nepal
60%
Tadżykistan
60%
Azerbejdżan
59%
Uzbekistan
58%
Jemen
58%
Armenia
57%
Kirgistan
57%
Bangladesz
55%
Malezja
55%
Filipiny
54%
Gruzja
54%
Laos
53%
Tajwan
53%
Jordania
52%
Bhutan
51%
Katar
51%
Sri Lanka
48%
Syria
48%
Kambodża
47%
Singapur
45%
Kuwejt
41%
Mjanma
41%
Liban
40%
Cypr
38%
Malediwy
38%
Bahrajn
35%
Brunei
35%
Timor Wschodni
29%
Turkmenia
4%
Nie znaleziono quizów pasujących do podanych kryteriów
Rozkład punktacji
Procent ludzi z każdym wynikiem
Percentyl według liczby udzielonych odpowiedzi
Twoja historia wyników
Nie rozwiązałeś tego quizu